|
|
|
|
| LEADER |
00000nam2a2200000 4500 |
| 001 |
148419 |
| 005 |
20231101221349.0 |
| 010 |
|
|
|a 5206006653
|
| 035 |
|
|
|a (RuTPU)RU\TPU\book\160889
|
| 035 |
|
|
|a RU\TPU\book\151290
|
| 090 |
|
|
|a 148419
|
| 100 |
|
|
|a 20081202d2005 m y0rusy50 ca
|
| 101 |
0 |
|
|a rus
|
| 102 |
|
|
|a RU
|
| 105 |
|
|
|a a z 000zy
|
| 200 |
0 |
|
|a Т. 2
|
| 210 |
|
|
|d 2005
|
| 215 |
|
|
|a 608 с.
|c ил.
|
| 461 |
|
1 |
|0 (RuTPU)RU\TPU\book\161424
|t Америка: вчера и сегодня
|o в 2 т.
|f Е. П. Бажанов
|v Т. 2
|d 2005
|
| 606 |
1 |
|
|a Америка
|x Внутренняя политика
|2 stltpush
|3 (RuTPU)RU\TPU\subj\28882
|9 52345
|
| 610 |
1 |
|
|a политика
|
| 610 |
1 |
|
|a экономика
|
| 610 |
1 |
|
|a культура
|
| 610 |
1 |
|
|a быт
|
| 610 |
1 |
|
|a США
|
| 610 |
1 |
|
|a американское общество
|
| 610 |
1 |
|
|a американцы
|
| 610 |
1 |
|
|a ученые
|
| 610 |
1 |
|
|a спорт
|
| 610 |
1 |
|
|a эмигранты
|
| 610 |
1 |
|
|a евреи
|
| 686 |
|
|
|a Ф3(7США)
|2 rubbk
|
| 686 |
|
|
|a У9(7США)
|2 rubbk
|
| 801 |
|
1 |
|a RU
|b 63413507
|c 20080609
|g PSBO
|
| 801 |
|
2 |
|a RU
|b 63413507
|c 20131111
|g PSBO
|
| 942 |
|
|
|c BK
|
| 959 |
|
|
|a 65/20080529
|d 1
|e 990,00
|f ЧЗГЛ:1
|